000 00596cam a2200193 a 4500
999 _c626
_d626
020 _a0071400222
050 1 0 _aRT68
_b.N57 NIS
100 1 _aNishiura, Eizo.
245 1 0 _aSchaum's outline of theory and problems of mathematics for nurses /
_cEizo Nishiura, Larry J. Stephens, Lana C. Stephens.
250 _a2nd ed.
260 _aNew York :
_bMcGraw-Hill,
_c2003.
300 _axi, 259 p. :
_bill. ;
_c28 cm.
500 _aIncludes index.
650 0 _aNursing
_xMathematics.
650 0 _aPharmaceutical arithmetic.
700 1 _aStephens, Larry J.
700 1 _aStephens, Lana C.
942 _cBK